Corporate governance : (Record no. 17598)
[ view plain ]
| 000 -LEADER | |
|---|---|
| fixed length control field | 00718pam a2200229 a 4500 |
| 001 - CONTROL NUMBER | |
| control field | 015951264 |
| 003 - CONTROL NUMBER IDENTIFIER | |
| control field | Uk |
| 005 - DATE AND TIME OF LATEST TRANSACTION | |
| control field | 20131008130046.0 |
| 008 - FIXED-LENGTH DATA ELEMENTS--GENERAL INFORMATION | |
| fixed length control field | 111006s2012 enka b 001 0 eng d |
| 020 ## - INTERNATIONAL STANDARD BOOK NUMBER | |
| International Standard Book Number | 9780199607969 (pbk.) : |
| 020 ## - INTERNATIONAL STANDARD BOOK NUMBER | |
| International Standard Book Number | 0199607966 (pbk.) : |
| 082 04 - DEWEY DECIMAL CLASSIFICATION NUMBER | |
| Classification number | 658.4 |
| Edition number | 23 |
| Item number | TRI |
| 100 1# - MAIN ENTRY--PERSONAL NAME | |
| Personal name | Tricker, R. Ian |
| Fuller form of name | (Robert Ian) |
| 9 (RLIN) | 33914 |
| 245 10 - TITLE STATEMENT | |
| Title | Corporate governance : |
| Remainder of title | principles, policies, and practices / |
| Statement of responsibility, etc | Bob Tricker. |
| 250 ## - EDITION STATEMENT | |
| Edition statement | 2nd ed. |
| 260 ## - PUBLICATION, DISTRIBUTION, ETC. (IMPRINT) | |
| Place of publication, distribution, etc | Oxford : |
| Name of publisher, distributor, etc | Oxford University Press, |
| Date of publication, distribution, etc | 2012. |
| 300 ## - PHYSICAL DESCRIPTION | |
| Extent | xxv, 546 p. : |
| Other physical details | ill. ; |
| Dimensions | 25 cm. |
| 504 ## - BIBLIOGRAPHY, ETC. NOTE | |
| Bibliography, etc | Includes bibliographical references and index. |
| 650 #0 - SUBJECT ADDED ENTRY--TOPICAL TERM | |
| Topical term or geographic name as entry element | Corporate governance. |
| 9 (RLIN) | 33915 |
| 653 ## - INDEX TERM--UNCONTROLLED | |
| Resource For college | |
| Arrived date list | October2013 |
| 942 ## - ADDED ENTRY ELEMENTS (KOHA) | |
| Source of classification or shelving scheme | Dewey Decimal Classification |
| Item type | Book - Borrowing |
| Withdrawn status | Item status | Source of classification or shelving scheme | Damaged status | Not for loan | Vendor | Home library | Current library | Shelving location | Date acquired | Source of acquisition | Total Checkouts | Full call number | Barcode | Date last seen | Koha item type | Total Renewals | Date last borrowed |
|---|---|---|---|---|---|---|---|---|---|---|---|---|---|---|---|---|---|
| Dewey Decimal Classification | Baccah | Central Library | Central Library | First floor | 08/10/2013 | 658.4 TRI | 000029279 | 15/07/2025 | NB - Book (Non borrowing) | ||||||||
| Dewey Decimal Classification | Baccah | Central Library | Central Library | First floor | 08/10/2013 | 2 | 658.4 TRI | 000029280 | 15/07/2025 | Book - Borrowing | 15 | 31/10/2016 | |||||
| Dewey Decimal Classification | Baccah | Central Library | Central Library | First floor | 08/10/2013 | 2 | 658.4 TRI | 000029281 | 15/07/2025 | Book - Borrowing | 10 | 11/12/2019 | |||||
| Dewey Decimal Classification | Baccah | Central Library | Central Library | First floor | 21/11/2013 | 3 | 658.4 TRI | 000035119 | 15/07/2025 | Book - Borrowing | 16 | 06/07/2021 |